2025 Detroit Lions Roster - Statistics

General Stats
  • This quiz has been taken 71 times
    7 since last reset
  • The average score is 28 of 75
Answer Stats
Pos. Player % Correct
QB Jared Goff
100%
RB David Montgomery
86%
RB Jahmyr Gibbs
86%
DE Aidan Hutchinson
71%
OLB Alex Anzalone
71%
WR Amon-Ra St. Brown
71%
SS Brian Branch
71%
TE Brock Wright
71%
K Jake Bates
71%
WR Jameson Williams
71%
FS Kerby Joseph
71%
QB Kyle Allen
71%
RT Penei Sewell
71%
TE Sam LaPorta
71%
RB Sione Vaki
71%
LT Taylor Decker
71%
DT Alim McNeill
57%
CB Amik Robertson
57%
CB Avonte Maddox
57%
ILB Derrick Barnes
57%
CB D.J. Reed
57%
ILB Jack Campbell
57%
P Jack Fox
57%
WR Kalif Raymond
57%
OLB Malcolm Rodriguez
57%
RG Tate Ratledge
57%
CB Terrion Arnold
57%
DT Tyleik Williams
57%
LG Christian Mahogany
43%
RT Dan Skipper
43%
DT D.J. Reader
43%
CB Ennis Rakestraw Jr.
43%
C Graham Glasgow
43%
WR Isaac TeSlaa
43%
DE Marcus Davenport
43%
CB Rock Ya-Sin
43%
TE Shane Zylstra
43%
DE Al-Quadin Muhammad
29%
CB Arthur Maulet
29%
RB Craig Reynolds
29%
WR Dominic Lovett
29%
LT Giovanni Manu
29%
RB Jacob Saylors
29%
LG Kayode Awosika
29%
CB Nick Whiteside
29%
C Trystan Colon
29%
TE Anthony Firsker
14%
RT Colby Sorsdal
14%
SS Daniel Thomas
14%
FS Dan Jackson
14%
ILB Ezekiel Turner
14%
OLB Grant Stuard
14%
LS Hogan Hatten
14%
FS Jalen Mills
14%
RT Jamarco Jones
14%
CB Khalil Dorsey
14%
DT Levi Onwuzurike
14%
SS Loren Strickland
14%
DT Mekhi Wingo
14%
C Michael Niese
14%
RG Miles Frazier
14%
DT Roy Lopez
14%
ILB Trevor Nowaske
14%
DT Tyler Lacy
14%
DE Tyrus Wheat
14%
ILB Zach Cunningham
14%
DT Chris Smith
0%
TE Giovanni Ricci
0%
LT Justin Herron
0%
TE Kenny Yeboah
0%
C Kingsleey Eguakun
0%
DE Pat O'Connor
0%
TE Ross Dwelley
0%
CB Tre Flowers
0%
OLB Ty Summers
0%
No matching quizzes found
Score Distribution
Percent of People with Each Score
Percentile by Number Answered
Your Score History
You have not taken this quiz since the last reset